000 01987cam a2200373 a 4500
999 _c9589
_d9589
001 18352011
003 OCoLC
005 20241126110715.0
008 880719s1988 miua b 001 0 eng
010 _a 88024046
020 _a0802803601
020 _a9780802803603
020 _a085111573X
020 _a9780851115733
035 _a(OCoLC)18352011
_z(OCoLC)59240301
040 _aDLC
_beng
_cDLC
_dBAKER
_dBTCTA
_dYDXCP
_dOCLCG
_dHNW
_dDEBBG
_dBDX
_dSGB
_dOCLCQ
050 0 0 _aBS534.5
_b.G74 1988
082 0 0 _a251
_219
_bGRE
092 0 _a251
_bG8241
100 1 _aGreidanus, Sidney,
_d1935-
_915860
245 1 4 _aThe modern preacher and the ancient text :
_binterpreting and preaching biblical literature /
_cby Sidney Greidanus.
260 _aGrand Rapids, Mich. :
_bEerdmans,
_c1988.
300 _axvi, 374 pages :
_billustrations ;
_c23 cm
336 _atext
_btxt
_2rdacontent
337 _aunmediated
_bn
_2rdamedia
338 _avolume
_bnc
_2rdacarrier
500 _aIncludes indexes.
504 _aIncludes bibliographical references (pages 342-364).
505 0 _aBiblical preaching -- Historical foundations -- Literary interpretation -- Historical interpretation -- Theological interpretation -- Textual-thematic preaching -- The form of the sermon -- The relevance of the sermon -- Preaching Hebrew narratives -- Preaching prophetic literature -- Preaching the Gospels -- Preaching the Epistles.
520 _aA fusion of biblical hermeneutics and homiletics, this thorough and well-researched book offers a holistic contemporary approach to the interpretation and preaching of biblical texts, using all the scholarly tools available and focusing especially on literary features. Greidanus develops hermeneutical and homiletical principles and then applies them to four specific genres: Hebrew narratives, prophetic literature, the Gospels, and the Epistles. - Publisher.
630 0 0 _aBible
_xHomiletical use.
_91148
650 0 _aPreaching.
_9404
942 _2ddc
_cBK